00461nam a2200157Ia 450000500170000000800410001708200130005810000120007124500240008326000450010730000130015265000180016594200060018395200990018999900150028820250404035008.0240331s9999 xx 000 0 und d bSOMa894 aSomu, M 0aNamakkendroru boomi aMaduraibMeenakshi Puthaka Nilayamc1984 a128 p ., aShort Stories cL 001040708LaWERCLbWERCLcSSCd2024-03-31l0o 894.811 SOMp5382r2024-03-31w2024-03-31yL c3802d3802